O Gualter aprende a ler (Registo nº 2005)
[ vista simples ]
| 000 -Etiqueta do registo | |
|---|---|
| Cabeçalho | 00919nam a22002891 4500 |
| 005 - Identificador da versão | |
| Campo de controlo | 20240813121922.0 |
| 010 ## - Número internacional normalizado dos livros (ISBN) | |
| Número (ISBN) | 9729768773 |
| 021 ## - Número do Depósito Legal | |
| Código do país | PT |
| Número | 126070/98 |
| 100 ## - Dados gerais de processamento | |
| Dados gerais de processamento | 20070618d1998 c y0pory5003 ba |
| 102 ## - Pais de publicação ou produção | |
| País de publicação | Portugal |
| 101 1# - Língua de publicação | |
| Língua do texto, banda sonora, etc. | Português |
| Língua do documento no original | Inglês |
| 106 ## - Campo de dados codificados: material textual | |
| Dados codificados do material textual | r |
| 105 ## - Campo de dados codificados: livros | |
| Dados codificados dos livros | a z 000fy |
| 215 ## - Descrição física | |
| Indicação específica da natureza do documento e extensão da espécie | [30] p. |
| Outras indicações físicas | todo il. |
| Dimensões | 23 cm |
| 200 1# - Titulo e menção de responsabilidade | |
| Título próprio | O Gualter aprende a ler |
| Informação de outro título | conhecer as letras |
| Primeira menção de responsabilidade | Dan Elliott |
| Outras menções de responsabilidade | il. Normand Chartier |
| -- | trad. Teresa Rodrigues |
| 225 2# - Colecção | |
| Título próprio da colecção | Rua Sésamo |
| Informação de outro título da colecção | Aprende divertindo-te |
| Menção de responsabilidade relativa à colecção | Children's Television Workshop |
| Indicação de volume | 2 |
| 210 ## - Publicação, Distribuição, etc. | |
| Lugar da edição, distribuição, etc. | [Lisboa] |
| Nome do editor, distribuidor, etc. | RBA - Lusomundo |
| Data da publicação, distribuição, etc. | D.L. 1998 |
| 606 ## - Nome comum usado como assunto | |
| Número de registo de entrada de autoridade | 0000001 |
| Palavra de ordem | Literatura estrangeira infantil |
| Subdivisão de assunto | Conto |
| 675 ## - Classificação Decimal Universal (CDU) | |
| Notação | 82-34 |
| Edição | 2ª |
| Língua da edição | por |
| 702 #1 - Nome de autor-pessoa física (responsabilidade secundária) | |
| Número de registo de entrada de autoridade | 0000695 |
| Palavra de ordem | Rodrigues |
| Outra parte do nome não tomada para palavra de ordem | Teresa |
| Código de função | Tradutor |
| 701 #1 - Nome de autor-pessoa física (co-responsabilidade principal) | |
| Palavra de ordem | Chartier |
| Outra parte do nome não tomada para palavra de ordem | Normand |
| Código de função | Ilustrador / Técnico de desenho computorizado |
| 700 #1 - Nome de autor-pessoa física (responsabilidade principal) | |
| Número de registo de entrada de autoridade | 0000693 |
| Palavra de ordem | Elliott |
| Outra parte do nome não tomada para palavra de ordem | Dan |
| 942 ## - Elementos de entrada adicionados (Koha) | |
| Tipo de item no Koha | Livro |
| Situação do levantamento | Origin of item (home branch) (coded) | Biblioteca de empréstimo | Código de barras | Cota | Circulation type (not for loan) | Tipo de documento | Nota do exemplar | Damaged status |
|---|---|---|---|---|---|---|---|---|
| Biblioteca Escolar da Coca Maravilhas | Biblioteca Escolar da Coca Maravilhas | BECM8147/07 | 8EST ELL | Livro | Sem mensagem |
